000 00740cam a22002413a 4500
001 31234
003 PGUSA
005 20140828083657.0
008 100209s2010||||xxu|||||s|||||000 | eng d
040 _aPGUSA
_beng
042 _adc
050 4 _aBX
100 1 _aPurchas, Henry Thomas,
_d1860-1921
245 1 2 _aA History of the English Church in New Zealand
_h[electronic resource] /
_cHenry Thomas Purchas
260 _bProject Gutenberg,
_c2010
506 _aPublic domain in the USA.
516 _aElectronic text
653 _aChurch of the Province of New Zealand -- History
653 _aNew Zealand -- Church history
830 0 _aProject Gutenberg
_v31234
856 4 0 _uhttp://www.gutenberg.org/ebooks/31234
942 _cEB
999 _c260489
_d260489